Welcome to the Holygrace Academy Library

Please use search bar below to get started

MIDSUMMER NIGHT'S DREAM (Record no. 428)

MARC details
000 -LEADER
fixed length control field 00313nam a22001337a 4500
020 ## - INTERNATIONAL STANDARD BOOK NUMBER
ISBN 817826345-9
082 ## - DEWEY DECIMAL CLASSIFICATION NUMBER
Classification number 823
Item number SHA/M
100 ## - MAIN ENTRY--AUTHOR NAME
Personal name WILLIAM SHAKESPEARE
245 ## - TITLE STATEMENT
Title MIDSUMMER NIGHT'S DREAM
260 ## - PUBLICATION, DISTRIBUTION, ETC. (IMPRINT)
Place of publication DELHI
Name of publisher ROHAN BOOK COMPANY
Year of publication 2003
300 ## - PHYSICAL DESCRIPTION
Number of Pages 224
650 ## - SUBJECT ADDED ENTRY--TOPICAL TERM
Topical Term MODERN ILLUSTRATED CLASSICS
942 ## - ADDED ENTRY ELEMENTS (KOHA)
Koha item type Books
Holdings
Withdrawn status Lost status Collection code Home library Current library Shelving location Date acquired Source of acquisition Cost, normal purchase price Full call number Accession Number Koha item type
    Fiction Main Library Main Library On Display 02/06/2009 purchase 35.00 823 SHA/M 04702 Books